000 00486nam a2200181Ia 4500
001 8482
005 20260306160612.0
008 260306t2015||||xx |||||||||||||| ||spa||
041 _aESP
082 _a371.1
_bM16
100 _aMagadán, Cecilia
_eAUT
245 0 _aIntegración de la tecnología educativa en el aula:
_benseñar lengua y literatura con las TIC
260 _c2015
300 _a346 páginas :
_c24 cm.
650 _aGEN
654 _aCED
942 _cLIB
_dJUS
_fJUS
_2ddc
_n
999 _c8482
_d8482